000 00479nam a2200145 4500
008 151027b xxu||||| |||| 00| 0 eng d
020 _a9789966468826
050 _aAFR PR 9919 .K5K3 1993
100 _aKimenye, Barbara
_d1993
245 _aKalasanda
_cBarbara Kimenye
260 _aNairobi:
_bEast African Educational Publishers,
_c1993.
300 _a129p.:
_c17cm.
650 _aEnglish Fiction
942 _2lcc
_cSH_L_BOOKS
_hAFR PR 9919 .K5K3 1993
999 _c9477
_d9477